Naplňování ukazatelů jako základ serióznosti finančních analýz

Naplňovanie ukazovateľov vo finančnej analýze presnými a pravdivými informáciami. Charakteristika likvidity druhého stupňa, tzv. pohotovostnej likvidity. Rozdiel medzi solventnosťou, likvidnosťou a likviditou. Vzorce pre výpočet likvidity 1, 2 a 3. Výpočet L2 ak do vzorca dosadíme finančné investíci...

ver descrição completa

Na minha lista:
Detalhes bibliográficos
Autor principal: Doucha, R.
Formato: Capítulo de Livro
Idioma:tcheco
Assuntos:
Tags: Adicionar Tag
Sem tags, seja o primeiro a adicionar uma tag!

MARC

LEADER 00000naa a2200000 4500
001 r028231
005 20230913081308.4
041 0 |a cze 
044 |a CZ 
245 1 0 |a Naplňování ukazatelů jako základ serióznosti finančních analýz  |c R. Doucha 
520 |a Naplňovanie ukazovateľov vo finančnej analýze presnými a pravdivými informáciami. Charakteristika likvidity druhého stupňa, tzv. pohotovostnej likvidity. Rozdiel medzi solventnosťou, likvidnosťou a likviditou. Vzorce pre výpočet likvidity 1, 2 a 3. Výpočet L2 ak do vzorca dosadíme finančné investície. Analýza pohľadávok vo vzorci likvidity. Vymedzenie krátkodobých cudzích zdrojov. Podklady potrebné pri finančnej analýze. 
610 2 0 |a analýza finančná 
610 2 0 |a likvidita 
610 2 0 |a investície finančné 
610 2 0 |a pohľadávky 
610 2 0 |a solventnosť 
610 2 0 |a zdroje finančné cudzie 
610 2 0 |a ukazovatele finančné 
100 1 |a Doucha, R.